|
|
|
|
| LEADER |
00847nam a2200229 a 4500 |
| 001 |
000652552 |
| 003 |
CZ BrMZK |
| 005 |
20030217101214.0 |
| 008 |
030208s1976 xr f cze d |
| 040 |
|
|
|a BOA001
|b cze
|c BOA001
|
| 080 |
|
|
|a 339.432(100-15)
|2 MRF
|
| 100 |
1 |
|
|a Kociánová, Helena
|7 jx20071026017
|4 aut
|
| 245 |
1 |
0 |
|a Spotřeba obyvatelstva v procesu zintenzivňování ekonomického růstu ve vyspělých kapitalistických zemích /
|c Helena Kociánová
|
| 260 |
|
|
|a Praha :
|b Ekonomický ústav ČSAV,
|c 1976
|
| 300 |
|
|
|a 219 s.
|
| 490 |
1 |
|
|a Výzkumné publikace VPE ;
|v č. 123
|
| 500 |
|
|
|a Cizojazyčný souhrn
|
| 504 |
|
|
|a Bibliografie na s. 193-197
|
| 830 |
|
0 |
|a Výzkumné publikace VPE
|
| 910 |
|
|
|a BOA001
|b TK-0189.786
|
| 990 |
|
|
|a BK
|
| 996 |
6 |
|
|b BC-77324
|c TK-0189.786
|l MZK
|r Sklad / do 24 hodin
|n 0
|w 000652552
|u 000010
|a 1
|e BOA001
|j MZK50
|s P
|